100 rapeurs français depuis une pochette d'album - Statistiques

Statistiques générales
  • Ce quiz a été pris 4 464 fois
    4 438 depuis la dernière actualisation
  • Le résultat moyen est 50 sur 100
Statistiques - réponses
Par images Réponse % Correct
Jul
93%
PNL
92%
Damso
91%
SCH
91%
Ninho
89%
Niska
89%
Booba
88%
Orelsan
87%
Gazo
86%
Kaaris
86%
Zola
82%
Hamza
81%
Gambi
80%
Naza
80%
Naps
78%
Koba la D
76%
Tiakola
76%
Diams
75%
Black M
74%
PLK
74%
Dadju
72%
Lorenzo
71%
Lomepal
69%
Nekfeu
69%
Werenoi
69%
Jok'air
68%
Shay
65%
Djadja & Dinaz
64%
SDM
63%
Laylow
62%
Sofiane
61%
Soolking
60%
Gims
59%
Heuss l'enfoiré
59%
Maes
59%
Roméo Elvis
59%
Soprano
59%
Bigflo & Oli
58%
Josman
57%
MHD
57%
Vald
57%
Gradur
56%
Nepal
56%
La Fouine
55%
Kalash Criminel
54%
Ziak
54%
Alonzo
53%
Guizmo
53%
Freeze Corleone
52%
Kalash
52%
Mister V
51%
Lacrim
50%
Moha la squale
50%
Supreme NTM
49%
Alpha Wann
48%
Luidji
48%
Oboy
48%
Da Uzi
47%
Dinos
47%
Dosseh
47%
La fève
45%
Médine
41%
Niro
41%
Lefa
40%
Lujipeka
40%
Franglish
39%
Kerchak
38%
IAM
36%
Rohff
34%
DTF
33%
Hugo TSR
33%
S.Pri Noir
33%
Guy2bezbar
32%
Disiz
31%
Georgio
31%
Jazzy Bazz
31%
Lunatic
30%
Caballero & Jeanjass
27%
Sneazzy
26%
Rilès
25%
Green Montana
24%
Oxmo Puccino
24%
Doc Gynéco
22%
Sniper
22%
BB Jacques
21%
Gringe
21%
Houdi
21%
Isha / Limsa d'Aulnay
21%
Kery James
21%
Vegedream
20%
Sinik
18%
Rounhaa
16%
Prince Waly
14%
Rim'K
13%
Arsenik
12%
Sefyu
12%
Nemir
11%
Youssoupha
10%
MC Solaar
7%
Dry
4%
Aucun quiz correspondant
Distribution des résultats
% des personnes avec chaque résultat
Percentile par nombre de réponses
Votre historique - résultats
Vous n’avez pas pris ce quiz depuis la dernière actualisation